| 000 | 00918cam a2200229 i 4500 | ||
|---|---|---|---|
| 005 | 20251108174556.0 | ||
| 008 | 250721s2006 jo gr 000 0 ara d | ||
| 020 | _a9957380745 | ||
| 082 | 1 | 4 |
_a025.3 _bع ل ي |
| 100 | 1 |
_aعليان، ربحي مصطفى _eمعد. |
|
| 245 | 1 | 2 |
_aالفهرسة المتقدمة و المحوسبة / _cاعداد الاستاذ الدكتورربحي مصطفى عليان، الاستاذ وصفي عارف. |
| 250 | _aالطبعة الاولى. | ||
| 264 | 3 | 1 |
_aعمان : _bدار صفاء للطباعة والنشر والتوزيع، _c2006. |
| 264 | 3 | 1 |
_aعمان : _bدار جرير للنشر والتوزيع، |
| 300 | _a415 صفحة. | ||
| 650 | 1 | 7 | _aعلم المكتبات. |
| 650 | 1 | 7 | _aالفهرسه. |
| 650 | 1 | 7 | _aالفهرسه الوصفيه. |
| 700 | 1 |
_aعارف، وصفي _eمعد. |
|
| 942 |
_2ddc _cBK |
||
| 999 |
_c112663 _d112663 |
||